Ciencias naturales : tercer grado.
Gespeichert in:
| Körperschaft: | |
|---|---|
| Weitere Verfasser: | |
| Format: | Buch |
| Sprache: | Spanisch |
| Erschienen: |
México :
SEP. Comsión Nacional de los Libros de Texto Gratuitos,
1990.
|
| Ausgabe: | 9a. reimp. |
| Katalog: | MANES: Suchergebnis im Bibliothekskatalog |
| Schulbuchspezifische Eigenschaften: |
|
| Schriftenreihe: | Libro de texto gratuito
|
| Tags: |
Tag hinzufügen
Keine Tags, Fügen Sie den ersten Tag hinzu!
|
| Hinzugefügt zu: | 25.10.2005 |
| Geändert in: | 20.05.2026 |
MARC
| LEADER | 00000cam a2200000 a 4500 | ||
|---|---|---|---|
| 003 | OSt | ||
| 005 | 20260520173032.0 | ||
| 008 | 051026n1990 mx f 000 0 spa d | ||
| 040 | |a CINV |c CINV | ||
| 050 | 0 | 4 | |a LTG LB1585 |b M49 3º 1990 |
| 051 | 0 | 4 | |a LTG LB1585-M49 3º 1990 |
| 110 | 2 | |a Comisión Nacional de Libros de Texto Gratuitos. (México) |9 24074 | |
| 245 | 0 | 0 | |a Ciencias naturales : |b tercer grado. / |c Esther Blancas Sánchez, María Antonia Candela Marti...[et al]. |
| 250 | |a 9a. reimp. | ||
| 260 | |a México : |b SEP. Comsión Nacional de los Libros de Texto Gratuitos, |c 1990. | ||
| 300 | |a v.: |b il.; |c 26 cm. | ||
| 440 | |a Libro de texto gratuito |9 21882 | ||
| 502 | |a Encuadernado con: Libro para el maestro : tercer grado. | ||
| 546 | |a México | ||
| 561 | |5 mx-CINVES |a México. DIE-Cinvestav (Ciudad de México) |k MANES | ||
| 691 | 0 | |a PRI | |
| 700 | 1 | |a Blancas Sánchez, Esther, |e coord. |a Candela Martín, María Antonia. |9 35609 | |
| 740 | |a Libro para el maestro : |b tercer grado. | ||
| 910 | |a E-344 |b Don-1991. |a E-343(ej.2) | ||
| 911 | |a E-344 | ||
| 942 | |2 ddc |c BK | ||
| 999 | |c 54933 |d 54933 | ||
| 999 | |c manes:54933 |d 54933 | ||